Rimas del pesebre / (Registro nro. 10238)

Detalles MARC
000 -LIDER
fixed length control field 00543nam a22002057a 4500
001 - NÚMERO DE CONTROL
Identificador de número de control 00074850
003 - IDENTIFICACDOR DE NÚMERO DE CONTROL
control field DO-SdBNP
005 - DATE AND TIME OF LATEST TRANSACTION
control field 20180202153134.0
007 - CAMPOS FIJOS DE DESCRIPCIÓN FÍSICA
fixed length control field 00074850
008 - ELEMENTOS DE LONGITUD FIJA
fixed length control field 160531b 1977 xxu ||| 00| 0 spa d
040 ## - FUENTE DE CATALOGACIÓN
Agencia que crea de manera original el registro BPMSU
Idioma de catalogación spa
Agencia que realiza la transcripción BPMSU
092 ## - LOCALLY ASSIGNED DEWEY DECIMAL CALL NUMBER
Número de clasificación xxxxx
Número de ítem (Cutter) xxxxx
100 1# - ASIENTO PRINCIPAL -- NOMBRE PERSONAL
Nombre personal Salem, Luis D.
245 10 - MENCIÓN DE TITULO
Título Rimas del pesebre /
Mención de responsabilidad Luis D Salem.
260 ## - PUBLICACIÓN, DISTRIBUCIÓN, ETC. (PIE DE IMPRENTA)
Lugar de publicación, distribución, etc Miami, Florida :
Nombre del editor, distribuidor, etc. Caribe,
Fecha de publicación, distribución, etc 1977.
300 ## - DESCRIPCIÓN FÍSICA
Extensión 86 p. ;
Otros detalles físicos 18 cm.
942 ## - ADDED ENTRY ELEMENTS (KOHA)
Source of classification or shelving scheme Dewey Decimal Classification
Koha item type Libros
945 ## - INFORMACIÓN DE PROCESAMIENTO LOCAL
Información de procesamiento local Inventariado, 2018/ YL
956 ## - LOCAL ELECTRONIC LOCATION AND ACCESS (OCLC)
Método de acceso LOPEREZ
Materiales especificados 10
Enlace 20160531
Campo enlazado y núm. de secuencia BPMSU
Nombre de host 00041
Existencias
Withdrawn status Lost status Source of classification or shelving scheme Damaged status Not for loan Collection code Home library Current library Date acquired Source of acquisition Total Checkouts Barcode Date last seen Price effective from Koha item type
    Dewey Decimal Classification     Colección General Biblioteca Pública Metropolitana Salomé Ureña Biblioteca Pública Metropolitana Salomé Ureña 05/31/2016 Donado por FUNDI   BPMSU16050465 05/31/2016 05/31/2016 Libros